| 000 | 00476nam a2200145Ia 4500 | ||
|---|---|---|---|
| 008 | 170224s9999 xx 000 0 und d | ||
| 100 | _aShawanda Stockfelt | ||
| 245 | _aEconomic, social and embodied cultural capitals as shapers and predictors of boys' educational aspirations | ||
| 245 | _cShawanda Stockfelt | ||
| 260 | _bThe Journal of Educational Research | ||
| 260 | _c2016 | ||
| 300 | _a109:4, Pages: 351-359 | ||
| 650 | _xEducation | ||
| 650 | _xSpecial Education | ||
| 999 |
_c315670 _d315670 |
||